Statistics for 中央本線(全通時)の駅名

Click here to take the quiz!

General Stats

  • This quiz has been taken 3 times
  • The average score is 40 of 71

Answer Stats

こたえ備考% Correct
甲府
100%
笹子
100%
塩尻
100%
上野原
100%
四方津
100%
鳥沢
100%
猿橋
100%
大月
100%
初狩
100%
岡谷
100%
茅野
100%
塩山
100%
下諏訪
100%
石和旧駅名
100%
御茶ノ水
100%
竜王
100%
韮崎
100%
上諏訪
100%
八王子
100%
豊田
100%
日野
100%
立川
100%
水道橋
100%
市ヶ谷
100%
四ツ谷
100%
信濃町
100%
千駄ケ谷
100%
代々木
100%
新宿
100%
大久保
100%
中野
100%
荻窪
100%
吉祥寺
100%
国分寺
100%
小淵沢
100%
多治見
50%
中津旧駅名
50%
辰野
50%
高蔵寺
50%
千種
50%
名古屋
50%
富士見
50%
飯田町統合で廃止
50%
浅川旧駅名
50%
旧駅名
50%
青柳
0%
大曽根
0%
勝川
0%
牛込統合で廃止
0%
柏木旧駅名
0%
土岐津旧駅名
0%
瑞浪
0%
釜戸
0%
大井旧駅名
0%
坂下
0%
三留野旧駅名
0%
須原
0%
野尻
0%
上松
0%
木曽福島
0%
宮ノ越
0%
藪原
0%
奈良井
0%
贄川
0%
洗馬
0%
小野
0%
与瀬旧駅名
0%
初鹿野旧駅名
0%
日下部旧駅名
0%
日野春
0%
昌平橋1912年廃止
0%

Score Distribution

Percentile by Number Answered

Percent of People with Each Score

Your Score History

You have not taken this quiz